Colonie dell'Italia - Statistics

Statistiche generali
  • Questo quiz è stato fatto 61 volte
  • Il punteggio medio è 6 su 7
Statistiche sulle risposte
Anni di possedimento Paese % Corretto
1911-1943 Libia
98%
1936-1941 Etiopia
94%
1882-1941 Eritrea
92%
1939-1943 Albania
85%
1890-1960 Somalia
79%
1912-1943 Grecia (Dodecaneso)
75%
1901-1947 Cina (Concessione di Tientsin)
37%
Nessun quiz corrispondente trovato
Distribuzione punteggi
Percentuale di utenti per punteggio
Percentile per numero di risposta
I tuoi punteggi nel tempo
Non hai fatto questo quiz